00479nam a2200181Ia 450000500170000000800410001702000130005804000190007104100120009008200170010210000300011924500470014925000120019626000470020830000110025565000210026685000100028720230325095225.0131103s9999 xx 000 0 und d cRs.10.00 aLoreto College aEnglish a891.443bCHA aChakraborty, Subodh kumar aRamyani beekshyacSubodh kumar Chakraborty a4th ed. aCalcuttabA Mukherjee & Co. Pvt Ltd.c1972 a320p.  aBengali fiction  aLCLIB